Estadísticas para La Casa de Bernarda Alba - Key Quotes

Haz click aquí para intentar la prueba.

Estadísticas generales

  • Esta prueba ha sido intentada 14 veces
  • La puntuación promedio es 9 de 19

Estadísticas de respuestas

HintRespuesta% Correcto
"Yo hago con mi ______ lo que me parece." [6]cuerpo
86%
"Los _______ necesitan estas cosas" [7]hombres
86%
"Hilo y aguja para las _______ . Látigo y mula para el varón." [7]mujeres
86%
"________ sean las mujeres." [8]Malditas
71%
"¡________!" [8, last word]silencio
71%
"Nacer mujer es el mayor _______." [7]castigo
57%
"Siempre se bebe el agua con el miedo de que esté __________."[10]envenenada
57%
"Afortunadamente voy a salir de este ________." [8]infierno
57%
"Yo no quiero estar _________."encerrada
43%
Habitación blanquísia del ________. [8]interior
43%
"Si quieres _____ te metes debajo de la cama." [6]llorar
43%
"¡Mi hija ha muerto ______!" [6]virgen
43%
"¡Cada _____ tiene que hacer lo suyo!" [5]clase
29%
"¡Por tus _______!" [7]dineros
29%
"¡Quiero ____ de aquí!" [4]irme
29%
"¡Mata esos ____________!" [12]pensamientos
29%
"Se acabó ____ __ ______." [4, 2, 6 one name]Pepe el Romano
29%
"Tres perlas. En mi tiempo las perlas ____________ lágrimas." [12]significaban
29%
"¡_______! ¡_______!" [7, both the same word]matadla
14%

Distribución de puntuación

Porcentaje por número respondido

Porcentaje de gente con cada puntuación

Historial de tus puntuaciones

No has intentado esta prueba.